[Event "Coventry International"]
[Site "Coventry"]
[Date "2025.10.26"]
[Round "1.21"]
[White "Miller, George I"]
[Black "Fellowes, Billy"]
[Result "0-1"]
[WhiteElo "1873"]
[BlackElo "2184"]
[PlyCount "76"]
[EventDate "2025.10.26"]
[EventType "swiss"]
[EventRounds "9"]
[EventCountry "ENG"]
[SourceTitle "BritBase"]
[Source "John Saunders"]
[SourceDate "2025.10.31"]
[SourceVersion "1"]
[SourceVersionDate "2025.10.31"]
[SourceQuality "1"]

1. e4 Nc6 2. Nf3 d6 3. d4 Nf6 4. Nc3 g6 5. h3 Bg7 6. Be3 O-O 7. Qd2 e5 8. dxe5 dxe5 9. Qxd8 Rxd8 10. Bd3 Nb4 11. O-O-O Be6 12. Be2 Rdc8 13. a3 Nc6 14. Ng5 Bd7 15. Bc4 Be8 16. Nd5 Nxd5 17. Bxd5 h6 18. Nf3 Kh7 19. g4 Rab8 20. g5 h5 21. Nd2 a6 22. Nb1 Nd4 23. Bxd4 exd4 24. f4 c6 25. Bb3 b5 26. Nd2 c5 27. Bd5 Bc6 28. Bxc6 Rxc6 29. e5 a5 30. Ne4 Bf8 31. h4 a4 32. Rh3 b4 33. Nf6+ Kg7 34. Rhd3 c4 35. Rxd4 bxa3 36. Rd8 Rxd8 37. Rxd8 a2 38. Ne8+ Kg8 0-1

[Event "Coventry International"]
[Site "Coventry"]
[Date "2025.10.26"]
[Round "1.22"]
[White "Verma, Aditya"]
[Black "Shivakumar, Akshath"]
[Result "1-0"]
[WhiteElo "2164"]
[BlackElo "1872"]
[PlyCount "79"]
[EventDate "2025.10.26"]
[EventType "swiss"]
[EventRounds "9"]
[EventCountry "ENG"]
[SourceTitle "BritBase"]
[Source "John Saunders"]
[SourceDate "2025.10.31"]
[SourceVersion "1"]
[SourceVersionDate "2025.10.31"]
[SourceQuality "1"]

1. e4 c5 2. Nf3 Nc6 3. Bb5 g6 4. Bxc6 dxc6 5. O-O Bg7 6. d3 Nf6 7. a4 a5 8. Na3 Nd7 9. c3 e5 10. Bg5 Qc7 11. Qc2 O-O 12. Rad1 Re8 13. Rfe1 Nf8 14. h3 Ne6 15. Be3 Rd8 16. Ng5 Qe7 17. Qc1 Qf8 18. Nc4 h6 19. Nf3 f6 20. Nb6 Ra6 21. Nxc8 Rxc8 22. d4 cxd4 23. cxd4 exd4 24. Nxd4 Nxd4 25. Rxd4 Rc7 26. Red1 Kh7 27. Rd7 Qc8 28. Rd8 Qe6 29. Bxh6 Re7 30. Bxg7 Kxg7 31. Qe3 Qxe4 32. Qb3 Qe6 33. Qxe6 Rxe6 34. R1d7+ Kh6 35. Rxb7 Re1+ 36. Kh2 Ra1 37. f4 g5 38. f5 g4 39. h4 Ra8 40. Rxa8 1-0

[Event "Coventry International"]
[Site "Coventry"]
[Date "2025.10.26"]
[Round "1.23"]
[White "Hindol, Ghosh"]
[Black "Kanyamarala, Trisha"]
[Result "1/2-1/2"]
[WhiteElo "1866"]
[BlackElo "2149"]
[PlyCount "68"]
[EventDate "2025.10.26"]
[EventType "swiss"]
[EventRounds "9"]
[EventCountry "ENG"]
[SourceTitle "BritBase"]
[Source "John Saunders"]
[SourceDate "2025.10.31"]
[SourceVersion "1"]
[SourceVersionDate "2025.10.31"]
[SourceQuality "1"]

1. e4 c5 2. Nf3 e6 3. d4 cxd4 4. Nxd4 a6 5. c4 Nf6 6. Nc3 Qc7 7. Bd3 Nc6 8. Nxc6 dxc6 9. O-O e5 10. a3 Bc5 11. Bg5 Nd7 12. Qf3 Nf8 13. Be3 Ne6 14. Bxc5 Nxc5 15. Bc2 O-O 16. Qe3 Ne6 17. Ne2 b6 18. Rad1 a5 19. f4 exf4 20. Nxf4 Nxf4 21. Qxf4 Qxf4 22. Rxf4 Be6 23. Rd6 Bxc4 24. Rxc6 Be6 25. Rf2 Rab8 26. Rd2 Rfc8 27. Rdd6 Rxc6 28. Rxc6 Kf8 29. Kf2 Ke7 30. Ke3 Kd7 31. Rc3 Kd6 32. Bb3 Bxb3 33. Rxb3 Kc6 34. Rc3+ Kd6 1/2-1/2

[Event "Coventry International"]
[Site "Coventry"]
[Date "2025.10.26"]
[Round "1.24"]
[White "Latt, Maung M"]
[Black "Swiatkowski, Aram"]
[Result "1-0"]
[WhiteElo "2140"]
[BlackElo "1860"]
[PlyCount "49"]
[EventDate "2025.10.26"]
[EventType "swiss"]
[EventRounds "9"]
[EventCountry "ENG"]
[SourceTitle "BritBase"]
[Source "John Saunders"]
[SourceDate "2025.10.31"]
[SourceVersion "1"]
[SourceVersionDate "2025.10.31"]
[SourceQuality "1"]

1. d4 Nf6 2. Nf3 d5 3. e3 Bf5 4. c4 e6 5. Qb3 b6 6. Nc3 Be7 7. Be2 O-O 8. O-O c5 9. Rd1 dxc4 10. Bxc4 Qc7 11. Nb5 Qc8 12. a4 Nc6 13. Bd2 Ne4 14. Be1 Bg4 15. Be2 Ng5 16. Rac1 Nxf3+ 17. gxf3 Bh3 18. d5 exd5 19. Qxd5 Rd8 20. Qe4 Re8 21. Qf4 Bf6 22. Nd6 Qe6 23. Bc4 Be5 24. Bxe6 Bxf4 25. Bxf7+ 1-0

[Event "Coventry International"]
[Site "Coventry"]
[Date "2025.10.26"]
[Round "1.25"]
[White "Sherwood, Gabriel"]
[Black "Luk, Danbe"]
[Result "0-1"]
[WhiteElo "1851"]
[BlackElo "2131"]
[PlyCount "128"]
[EventDate "2025.10.26"]
[EventType "swiss"]
[EventRounds "9"]
[EventCountry "ENG"]
[SourceTitle "BritBase"]
[Source "John Saunders"]
[SourceDate "2025.10.31"]
[SourceVersion "1"]
[SourceVersionDate "2025.10.31"]
[SourceQuality "1"]

1. e4 c5 2. Nc3 e6 3. f4 d5 4. Nf3 d4 5. Bb5+ Nd7 6. Ne2 a6 7. Bxd7+ Bxd7 8. d3 Bd6 9. O-O Ne7 10. Qe1 O-O 11. e5 Bc7 12. Ng3 Nd5 13. Ne4 Qe7 14. f5 exf5 15. Bg5 Qe8 16. Nxc5 Bc6 17. Nxd4 Bxe5 18. Nxf5 Bxb2 19. Rb1 Qxe1 20. Rfxe1 Bc3 21. Rf1 b5 22. Ne4 Be5 23. c4 bxc4 24. dxc4 Nb4 25. Neg3 a5 26. a3 Bxg3 27. axb4 Be4 28. Nxg3 Bxb1 29. Rxb1 axb4 30. Rxb4 Ra2 31. c5 Rc2 32. Be7 Ra8 33. h4 f6 34. Nf5 Raa2 35. Rg4 g6 36. Nd4 Rc4 37. Nf5 Rcc2 38. Ne3 Re2 39. Nd5 f5 40. Rg3 Rad2 41. Bd6 Rxd5 42. Kh2 Kf7 43. Kh3 Red2 44. Kh2 R5d3 45. Rg5 h6 46. Rg3 Rxg3 47. Kxg3 Rc2 48. Bf4 h5 49. Bd6 Ke6 50. Kf3 Kd5 51. g3 Rc4 52. Bf8 Re4 53. Bd6 Rc4 54. Bf8 Ke5 55. Bd6+ Kf6 56. Bf8 f4 57. gxf4 Kf5 58. Bd6 Rc3+ 59. Ke2 Ke6 60. Bc7 Rxc5 61. Bd8 Rc3 62. Kf2 Kf5 63. Bg5 Kg4 64. Kg2 Rc4 0-1

[Event "Coventry International"]
[Site "Coventry"]
[Date "2025.10.26"]
[Round "1.26"]
[White "Vaidyanathan, Adithya"]
[Black "Gunarathne, Senith"]
[Result "1-0"]
[WhiteElo "2129"]
[BlackElo "1849"]
[PlyCount "75"]
[EventDate "2025.10.26"]
[EventType "swiss"]
[EventRounds "9"]
[EventCountry "ENG"]
[SourceTitle "BritBase"]
[Source "John Saunders"]
[SourceDate "2025.10.31"]
[SourceVersion "1"]
[SourceVersionDate "2025.10.31"]
[SourceQuality "1"]

1. d4 d5 2. c4 e6 3. Nc3 c6 4. Nf3 dxc4 5. a4 Bb4 6. e3 b5 7. Bd2 a5 8. axb5 Bxc3 9. Bxc3 cxb5 10. b3 Bb7 11. bxc4 b4 12. Bb2 Nf6 13. Bd3 Nbd7 14. O-O O-O 15. Nd2 Qc7 16. f4 Bc6 17. Bc2 Qb7 18. Rf2 Rfd8 19. f5 Nf8 20. d5 exd5 21. Bxf6 gxf6 22. Qh5 dxc4 23. Nxc4 b3 24. Bd1 Qb4 25. Be2 Qc3 26. Raf1 Nd7 27. Qh6 Kh8 28. Nd6 Bd5 29. Bh5 Rf8 30. Bg6 fxg6 31. fxg6 Rf7 32. Nxf7+ Kg8 33. Qxh7+ Kf8 34. Nd6 Bg8 35. Qxd7 b2 36. Rxf6+ Qxf6 37. Rxf6+ Bf7 38. Qxf7# 1-0

[Event "Coventry International"]
[Site "Coventry"]
[Date "2025.10.26"]
[Round "1.27"]
[White "Parikh, Naavya"]
[Black "Dicen, Elis Denele"]
[Result "0-1"]
[WhiteElo "1846"]
[BlackElo "2123"]
[PlyCount "56"]
[EventDate "2025.10.26"]
[EventType "swiss"]
[EventRounds "9"]
[EventCountry "ENG"]
[SourceTitle "BritBase"]
[Source "John Saunders"]
[SourceDate "2025.10.31"]
[SourceVersion "1"]
[SourceVersionDate "2025.10.31"]
[SourceQuality "1"]

1. e4 c5 2. Nc3 a6 3. f4 b5 4. d3 Bb7 5. Nf3 e6 6. g3 d5 7. e5 Nc6 8. Bg2 Nge7 9. O-O h5 10. Bh3 g6 11. Be3 Nf5 12. Bxf5 gxf5 13. d4 cxd4 14. Nxd4 Nxd4 15. Bxd4 Rc8 16. Ne2 h4 17. c3 Qc7 18. a3 Be7 19. Kg2 Qc6 20. Nc1 Kd7 21. Nb3 Rcg8 22. Na5 Qc7 23. Nxb7 Qxb7 24. Rh1 Rg4 25. Qf3 Rhg8 26. Bf2 Qc6 27. Qe3 d4+ 28. Qf3 h3+ 0-1

[Event "Coventry International"]
[Site "Coventry"]
[Date "2025.10.26"]
[Round "1.28"]
[White "Talab, Rami"]
[Black "Edwards, Rhys"]
[Result "1-0"]
[WhiteElo "2052"]
[BlackElo "1751"]
[PlyCount "49"]
[EventDate "2025.10.26"]
[EventType "swiss"]
[EventRounds "9"]
[EventCountry "ENG"]
[SourceTitle "BritBase"]
[Source "John Saunders"]
[SourceDate "2025.10.31"]
[SourceVersion "1"]
[SourceVersionDate "2025.10.31"]
[SourceQuality "1"]

1. d4 d5 2. Nf3 Nf6 3. g3 c6 4. Bg2 Bf5 5. O-O h6 6. c4 Qb6 7. c5 Qa6 8. Nc3 e6 9. Re1 b6 10. b4 Be7 11. Ne5 bxc5 12. dxc5 O-O 13. e4 dxe4 14. Nxe4 Rd8 15. Qb3 Nxe4 16. Bxe4 Bxe4 17. Rxe4 Nd7 18. Nxf7 Nxc5 19. bxc5 Rd3 20. Nxh6+ Kh7 21. Qc2 Rad8 22. Ng4 Kh8 23. Be3 Qc8 24. Ne5 Kg8 25. Nxd3 1-0

[Event "Coventry International"]
[Site "Coventry"]
[Date "2025.10.26"]
[Round "1.29"]
[White "Hanache, Kai"]
[Black "Dissanayake, Sathsara"]
[Result "1-0"]
[WhiteElo "2122"]
[BlackElo "1845"]
[PlyCount "59"]
[EventDate "2025.10.26"]
[EventType "swiss"]
[EventRounds "9"]
[EventCountry "ENG"]
[SourceTitle "BritBase"]
[Source "John Saunders"]
[SourceDate "2025.10.31"]
[SourceVersion "1"]
[SourceVersionDate "2025.10.31"]
[SourceQuality "1"]

1. e4 c5 2. Nf3 e6 3. g3 a6 4. Bg2 Nc6 5. O-O Be7 6. d4 cxd4 7. Nxd4 Nf6 8. Nxc6 bxc6 9. e5 Nd5 10. c4 Nc7 11. Qg4 O-O 12. Rd1 Bb7 13. Nc3 f6 14. Qd4 Bc8 15. Bf4 f5 16. Na4 Rb8 17. h4 h6 18. h5 Qe8 19. Bf3 Qf7 20. Nc5 Rd8 21. Nb3 Ne8 22. Bd2 d5 23. exd6 Rxd6 24. Qa7 Rb7 25. Qa8 Rd8 26. Ba5 Bd6 27. Rxd6 Nxd6 28. Bxd8 Ra7 29. Qb8 Rd7 30. Rd1 1-0

[Event "Coventry International"]
[Site "Coventry"]
[Date "2025.10.26"]
[Round "1.30"]
[White "Tso, Chi Wai"]
[Black "Pal, Rohan"]
[Result "1-0"]
[WhiteElo "1817"]
[BlackElo "2101"]
[PlyCount "53"]
[EventDate "2025.10.26"]
[EventType "swiss"]
[EventRounds "9"]
[EventCountry "ENG"]
[SourceTitle "BritBase"]
[Source "John Saunders"]
[SourceDate "2025.10.31"]
[SourceVersion "1"]
[SourceVersionDate "2025.10.31"]
[SourceQuality "1"]

1. d4 Nf6 2. c4 e6 3. Nf3 Bb4+ 4. Bd2 Qe7 5. Nc3 O-O 6. e3 b6 7. Bd3 Bb7 8. O-O c5 9. a3 Bxc3 10. Bxc3 Ne4 11. Bxe4 Bxe4 12. d5 exd5 13. cxd5 Qd6 14. Ng5 Qxd5 15. Qg4 Bg6 16. e4 Qc6 17. Rfe1 Na6 18. Rad1 Rad8 19. e5 d5 20. e6 f5 21. Qf4 Rfe8 22. e7 Rd7 23. Re6 Qb7 24. Qh4 Rdxe7 25. Rxg6 Re1+ 26. Rxe1 Rxe1+ 27. Bxe1 1-0

[Event "Coventry International"]
[Site "Coventry"]
[Date "2025.10.26"]
[Round "1.31"]
[White "Roberts, Paul E"]
[Black "Manickam, Saravanna Bava"]
[Result "1/2-1/2"]
[WhiteElo "2098"]
[BlackElo "1808"]
[PlyCount "59"]
[EventDate "2025.10.26"]
[EventType "swiss"]
[EventRounds "9"]
[EventCountry "ENG"]
[SourceTitle "BritBase"]
[Source "John Saunders"]
[SourceDate "2025.10.31"]
[SourceVersion "1"]
[SourceVersionDate "2025.10.31"]
[SourceQuality "1"]

1. Nf3 Nf6 2. c4 e6 3. g3 d5 4. d4 Nbd7 5. Qc2 Ne4 6. Bg2 Be7 7. Nc3 Ndf6 8. O-O O-O 9. Ne5 Nxc3 10. bxc3 c6 11. Rb1 Nd7 12. Nxd7 Qxd7 13. Qd3 b6 14. cxd5 cxd5 15. e4 Bb7 16. Re1 Bf6 17. e5 Be7 18. f4 g6 19. g4 Rac8 20. f5 exf5 21. gxf5 Qxf5 22. Qxf5 gxf5 23. Bd2 Rc7 24. Rf1 Ba6 25. Rf3 Bc4 26. Bh6 Rd8 27. Rg3+ Kh8 28. Bg7+ Kg8 29. Bh6+ Kh8 30. Bg7+ 1/2-1/2

[Event "Coventry International"]
[Site "Coventry"]
[Date "2025.10.26"]
[Round "1.32"]
[White "Ranasinghe, Chaniru"]
[Black "Arun, Nitish"]
[Result "1/2-1/2"]
[WhiteElo "1805"]
[BlackElo "2094"]
[PlyCount "68"]
[EventDate "2025.10.26"]
[EventType "swiss"]
[EventRounds "9"]
[EventCountry "ENG"]
[SourceTitle "BritBase"]
[Source "John Saunders"]
[SourceDate "2025.10.31"]
[SourceVersion "1"]
[SourceVersionDate "2025.10.31"]
[SourceQuality "1"]

1. d4 Nf6 2. Bf4 e6 3. Nf3 d5 4. e3 Bd6 5. Bg3 O-O 6. Bd3 c5 7. c3 Qc7 8. Nbd2 Nbd7 9. e4 e5 10. O-O exd4 11. cxd4 Bxg3 12. hxg3 dxe4 13. Nxe4 Nxe4 14. Bxe4 Nf6 15. Qc2 Nxe4 16. Qxe4 cxd4 17. Nxd4 Qb6 18. b3 Bd7 19. Rfe1 Rad8 20. Rad1 h6 21. Nf5 Bxf5 22. Qxf5 Qb4 23. Qe5 Rd2 24. Rxd2 Qxd2 25. Qe2 Qa5 26. Rd1 Rd8 27. Rxd8+ Qxd8 28. Qf3 Qd7 29. Qe3 b6 30. Qe4 Qd1+ 31. Kh2 Qh5+ 32. Kg1 Qd1+ 33. Kh2 Qh5+ 34. Kg1 Qd1+ 1/2-1/2

[Event "Coventry International"]
[Site "Coventry"]
[Date "2025.10.26"]
[Round "1.33"]
[White "Lebedev, Lion"]
[Black "Matthews, Adrian Ms"]
[Result "1-0"]
[WhiteElo "2091"]
[BlackElo "1804"]
[PlyCount "89"]
[EventDate "2025.10.26"]
[EventType "swiss"]
[EventRounds "9"]
[EventCountry "ENG"]
[SourceTitle "BritBase"]
[Source "John Saunders"]
[SourceDate "2025.10.31"]
[SourceVersion "1"]
[SourceVersionDate "2025.10.31"]
[SourceQuality "1"]

1. d4 Nf6 2. c4 c5 3. d5 b5 4. cxb5 a6 5. bxa6 Bxa6 6. Nc3 d6 7. e4 Bxf1 8. Kxf1 g6 9. Nf3 Nbd7 10. g3 Bg7 11. Kg2 O-O 12. Re1 Ng4 13. Qe2 Nge5 14. Nxe5 Nxe5 15. f4 Nd7 16. Bd2 Qb6 17. b3 Rfb8 18. Rac1 Qb7 19. Rc2 Ra6 20. Rb1 Rb6 21. Qd3 Rb4 22. Ne2 Rb5 23. Be3 Rb4 24. Rd1 Nf6 25. Rc4 Rxc4 26. Qxc4 Qb5 27. Qxb5 Rxb5 28. Kf3 Rb4 29. e5 Nd7 30. Bd2 Rb7 31. exd6 exd6 32. Bc3 Nf6 33. g4 h6 34. Rd2 Kf8 35. Ng3 Ke7 36. Re2+ Kd7 37. g5 hxg5 38. fxg5 Ne8 39. Bxg7 Nxg7 40. Ne4 Nf5 41. Nf6+ Kc7 42. Kf4 Kb6 43. Ng4 Ra7 44. Ne3 Ra8 45. Nxf5 1-0

[Event "Coventry International"]
[Site "Coventry"]
[Date "2025.10.26"]
[Round "1.34"]
[White "Ratcliffe, James"]
[Black "Burrows, Martin P"]
[Result "0-1"]
[WhiteElo "1773"]
[BlackElo "2088"]
[PlyCount "62"]
[EventDate "2025.10.26"]
[EventType "swiss"]
[EventRounds "9"]
[EventCountry "ENG"]
[SourceTitle "BritBase"]
[Source "John Saunders"]
[SourceDate "2025.10.31"]
[SourceVersion "1"]
[SourceVersionDate "2025.10.31"]
[SourceQuality "1"]

1. e4 c5 2. Nc3 Nc6 3. g3 g6 4. Bg2 Bg7 5. Nh3 d6 6. d3 e6 7. O-O Nge7 8. Be3 O-O 9. f4 Rb8 10. a4 a6 11. g4 f5 12. gxf5 exf5 13. Ng5 h6 14. Nf3 Nd4 15. Qd2 Be6 16. Rfe1 Kh7 17. Kh1 Qd7 18. Bxd4 cxd4 19. Ne2 Nc6 20. b3 fxe4 21. Nfg1 exd3 22. cxd3 Bxb3 23. Nf3 Be6 24. Ng3 Rbe8 25. Ne4 Kh8 26. Nh4 Bf7 27. f5 gxf5 28. Nf6 Rxe1+ 29. Rxe1 Qd8 30. Nxf5 Qxf6 31. Nxg7 Qxg7 0-1

[Event "Coventry International"]
[Site "Coventry"]
[Date "2025.10.26"]
[Round "1.35"]
[White "Okhai, Shabir"]
[Black "Dhingra, Kanvansh"]
[Result "1-0"]
[WhiteElo "2069"]
[BlackElo "1771"]
[PlyCount "155"]
[EventDate "2025.10.26"]
[EventType "swiss"]
[EventRounds "9"]
[EventCountry "ENG"]
[SourceTitle "BritBase"]
[Source "John Saunders"]
[SourceDate "2025.10.31"]
[SourceVersion "1"]
[SourceVersionDate "2025.10.31"]
[SourceQuality "1"]

1. e4 c5 2. Nf3 e6 3. g3 Nc6 4. Bg2 Nf6 5. Qe2 Be7 6. e5 Nd5 7. O-O O-O 8. Nc3 d6 9. exd6 Qxd6 10. Rd1 Bf6 11. Ne4 Qe7 12. c3 Rb8 13. Qb5 Bd7 14. Qxc5 Rfc8 15. Qxe7 Bxe7 16. d4 b5 17. Ne5 Be8 18. Nxc6 Rxc6 19. a3 a5 20. Nd2 Rbc8 21. a4 Ra6 22. Bf1 Nc7 23. Nb3 Rb8 24. Bf4 Bd6 25. Nc5 Rab6 26. Bxd6 Rxd6 27. axb5 Bxb5 28. Bxb5 Rxb5 29. b3 Na6 30. c4 Rb8 31. Ne4 Rdb6 32. Rxa5 Nc7 33. Nc5 Rd8 34. Ra7 Ne8 35. Ra6 Rb4 36. Ra4 Rb6 37. b4 e5 38. Nb3 Rdb8 39. b5 exd4 40. Rxd4 Nd6 41. Nc5 Re8 42. Nd7 Nxb5 43. cxb5 Rxb5 44. Rdb4 Rd5 45. Rb8 Rxb8 46. Nxb8 h5 47. Nc6 Rd3 48. Kg2 f6 49. h4 Kh7 50. Ra5 Kh6 51. Ne7 g5 52. hxg5+ fxg5 53. Ra6+ Kh7 54. Nf5 Rd5 55. Ra7+ Kh8 56. Ne3 Re5 57. Rd7 h4 58. Rd5 Rxd5 59. Nxd5 hxg3 60. Kxg3 Kg7 61. Kg4 Kg6 62. Nc3 Kh6 63. Ne4 Kg6 64. Nxg5 Kf6 65. f4 Kg6 66. f5+ Kf6 67. Kf4 Ke7 68. Ke5 Ke8 69. Ke6 Kf8 70. f6 Kg8 71. f7+ Kf8 72. Nh7+ Kg7 73. f8=Q+ Kxh7 74. Qf1 Kg7 75. Qf2 Kh7 76. Kf6 Kg8 77. Qh2 Kf8 78. Qb8# 1-0

[Event "Coventry International"]
[Site "Coventry"]
[Date "2025.10.26"]
[Round "1.36"]
[White "Vaidyanathan, Sathya"]
[Black "Zhang, Junyi"]
[Result "1/2-1/2"]
[WhiteElo "1770"]
[BlackElo "2058"]
[PlyCount "117"]
[EventDate "2025.10.26"]
[EventType "swiss"]
[EventRounds "9"]
[EventCountry "ENG"]
[SourceTitle "BritBase"]
[Source "John Saunders"]
[SourceDate "2025.10.31"]
[SourceVersion "1"]
[SourceVersionDate "2025.10.31"]
[SourceQuality "1"]

1. e4 c5 2. c3 d5 3. exd5 Qxd5 4. d4 e6 5. Nf3 Nf6 6. Na3 Nc6 7. Be3 cxd4 8. Nb5 Qd7 9. Nbxd4 Be7 10. Bd3 O-O 11. Qe2 Qc7 12. Nxc6 bxc6 13. Bd4 Nd5 14. Be5 Bd6 15. Bxd6 Qxd6 16. Rd1 Qe7 17. O-O Bb7 18. c4 Nf4 19. Qe4 Nxd3 20. Rxd3 c5 21. Qe3 Rfd8 22. Rfd1 Rxd3 23. Rxd3 Rd8 24. h3 Rxd3 25. Qxd3 g6 26. Qe3 Ba8 27. b3 Bxf3 28. Qxf3 Qc7 29. Qa8+ Kg7 30. Qe4 h5 31. Qe3 Qb6 32. Qe5+ Kf8 33. Qc3 Ke7 34. Qd2 Kf8 35. Qh6+ Kg8 36. Qd2 Qc7 37. Qe3 Qd6 38. Qe1 Qc7 39. Qd2 Qb6 40. Qc3 Qc7 41. Qd2 Kf8 42. Qc3 Ke7 43. Qd2 Ke8 44. Kh1 Kf8 45. Kg1 Ke7 46. Kh1 Qd6 47. Qa5 Qb6 48. Qd2 Kf8 49. Kg1 Ke8 50. Qd3 Qa5 51. Qc2 Kd7 52. Kf1 Kc7 53. Qe2 Qc3 54. Qe1 Qd3+ 55. Kg1 Qd6 56. Qa5+ Kb7 57. Qb5+ Kc7 58. Qa5+ Kb7 59. Qb5+ 1/2-1/2

[Event "Coventry International"]
[Site "Coventry"]
[Date "2025.10.26"]
[Round "1.37"]
[White "Mehmood, Muhammed"]
[Black "Pilley, Jack"]
[Result "1-0"]
[WhiteElo "1660"]
[BlackElo "2041"]
[PlyCount "63"]
[EventDate "2025.10.26"]
[EventType "swiss"]
[EventRounds "9"]
[EventCountry "ENG"]
[SourceTitle "BritBase"]
[Source "John Saunders"]
[SourceDate "2025.10.31"]
[SourceVersion "1"]
[SourceVersionDate "2025.10.31"]
[SourceQuality "1"]

1. d4 Nf6 2. c4 e6 3. Nf3 d5 4. Nc3 Be7 5. Bg5 h6 6. Bh4 O-O 7. e3 b6 8. Be2 Bb7 9. Bxf6 Bxf6 10. cxd5 exd5 11. O-O Qe7 12. Qb3 Rd8 13. Rad1 a5 14. Rfe1 Na6 15. a3 g6 16. Bd3 Bg7 17. e4 dxe4 18. Bxe4 Bxe4 19. Rxe4 Qd6 20. Rde1 Rd7 21. Qc4 Qf8 22. Ne5 Bxe5 23. Rxe5 Kg7 24. Nd5 Qd6 25. g3 Nb8 26. Rc1 f6 27. Nxc7 Qxc7 28. Qxc7 fxe5 29. Qxe5+ Kf7 30. d5 Re7 31. Qf4+ Kg7 32. Rc8 1-0

[Event "Coventry International"]
[Site "Coventry"]
[Date "2025.10.26"]
[Round "2.1"]
[White "Harikrishnan, A Ra"]
[Black "Berry, Neil"]
[Result "1-0"]
[WhiteElo "2534"]
[BlackElo "2266"]
[PlyCount "91"]
[EventDate "2025.10.26"]
[EventType "swiss"]
[EventRounds "9"]
[EventCountry "ENG"]
[SourceTitle "BritBase"]
[Source "John Saunders"]
[SourceDate "2025.10.31"]
[SourceVersion "1"]
[SourceVersionDate "2025.10.31"]
[SourceQuality "1"]

1. Nf3 d5 2. g3 Nd7 3. d4 Nb6 4. Bg2 Bf5 5. Nc3 e6 6. Nh4 Bg4 7. Qd3 Nf6 8. a4 a5 9. h3 Bh5 10. g4 Bg6 11. Nxg6 hxg6 12. e3 Bb4 13. g5 Ng8 14. f4 Ne7 15. b3 Nf5 16. Bd2 Nh4 17. Qe2 Nc8 18. Nb1 Be7 19. Nc3 Nd6 20. Bf1 c6 21. O-O-O b5 22. axb5 cxb5 23. Nxb5 Ne4 24. Nc3 Nxd2 25. Qb5+ Kf8 26. Rxd2 Bb4 27. Rd3 Nf5 28. Na2 Nd6 29. Qa4 Ne4 30. Rh2 Bd6 31. Bg2 Nxg5 32. Rh1 Nh7 33. c4 Nf6 34. c5 Bc7 35. Nc3 Ke7 36. Kc2 Re8 37. Ra1 Kf8 38. Nb5 Nd7 39. b4 Bb8 40. bxa5 Qh4 41. Qb4 Nf6 42. a6 Qg3 43. Qd2 Ne4 44. Bxe4 dxe4 45. Rb3 Rc8 46. a7 1-0

[Event "Coventry International"]
[Site "Coventry"]
[Date "2025.10.26"]
[Round "2.2"]
[White "Navrotescu, Andreea-Cristiana"]
[Black "Wadsworth, Matthew J"]
[Result "0-1"]
[WhiteElo "2257"]
[BlackElo "2487"]
[PlyCount "90"]
[EventDate "2025.10.26"]
[EventType "swiss"]
[EventRounds "9"]
[EventCountry "ENG"]
[SourceTitle "BritBase"]
[Source "John Saunders"]
[SourceDate "2025.10.31"]
[SourceVersion "1"]
[SourceVersionDate "2025.10.31"]
[SourceQuality "1"]

1. d4 d5 2. c4 c6 3. Nc3 Nf6 4. Nf3 dxc4 5. a4 Bf5 6. e3 e6 7. Bxc4 Bb4 8. O-O O-O 9. Qe2 Bg6 10. h3 Nbd7 11. Rd1 Qc7 12. Bd3 Bxd3 13. Qxd3 Rad8 14. Qc4 a5 15. Na2 Be7 16. Bd2 e5 17. Nc1 e4 18. Nh2 Bd6 19. Nf1 Nb6 20. Qc2 Nbd5 21. Nb3 b6 22. Rac1 Rc8 23. Bc3 Rfe8 24. Nbd2 Qe7 25. Nc4 Bb8 26. b3 Nd7 27. Qd2 Qg5 28. Qe2 h5 29. Be1 Re6 30. Ncd2 Rce8 31. g3 Qf5 32. Kg2 Rg6 33. f3 exf3+ 34. Qxf3 Qg5 35. Bf2 h4 36. g4 f5 37. Bxh4 Qxh4 38. Rxc6 N7f6 39. Qxf5 Nxe3+ 40. Nxe3 Qg3+ 41. Kf1 Qxh3+ 42. Ng2 Rxg4 43. Qf3 Qh1+ 44. Kf2 Rxg2+ 45. Qxg2 Re2+ 0-1

[Event "Coventry International"]
[Site "Coventry"]
[Date "2025.10.26"]
[Round "2.3"]
[White "Willow, Jonah B"]
[Black "Verma, Aditya"]
[Result "1-0"]
[WhiteElo "2472"]
[BlackElo "2164"]
[PlyCount "75"]
[EventDate "2025.10.26"]
[EventType "swiss"]
[EventRounds "9"]
[EventCountry "ENG"]
[SourceTitle "BritBase"]
[Source "John Saunders"]
[SourceDate "2025.10.31"]
[SourceVersion "1"]
[SourceVersionDate "2025.10.31"]
[SourceQuality "1"]

1. Nf3 d5 2. c4 c6 3. g3 g6 4. Qa4 dxc4 5. Qxc4 Bg7 6. Bg2 Nf6 7. O-O O-O 8. Nc3 Nbd7 9. d4 Nb6 10. Qd3 Be6 11. Rd1 Bc4 12. Qc2 Nfd5 13. e4 Nxc3 14. bxc3 a5 15. h4 h5 16. Ng5 Qc7 17. f4 Rad8 18. Kh2 c5 19. Bb2 f6 20. Nh3 Bf7 21. d5 Nc4 22. Bc1 e6 23. dxe6 Bxe6 24. f5 Bf7 25. fxg6 Bxg6 26. Nf4 Bf7 27. Nd5 Bxd5 28. exd5 Nd6 29. Bf4 Qf7 30. Rab1 f5 31. Rb6 Nc4 32. Re6 b5 33. Rde1 Na3 34. Qc1 Nc4 35. d6 Nb6 36. Re7 Qg6 37. Qe3 Rxd6 38. Rxg7+ 1-0

[Event "Coventry International"]
[Site "Coventry"]
[Date "2025.10.26"]
[Round "2.4"]
[White "Fellowes, Billy"]
[Black "Plat, Vojtech"]
[Result "0-1"]
[WhiteElo "2184"]
[BlackElo "2456"]
[PlyCount "102"]
[EventDate "2025.10.26"]
[EventType "swiss"]
[EventRounds "9"]
[EventCountry "ENG"]
[SourceTitle "BritBase"]
[Source "John Saunders"]
[SourceDate "2025.10.31"]
[SourceVersion "1"]
[SourceVersionDate "2025.10.31"]
[SourceQuality "1"]

1. e4 Nf6 2. e5 Nd5 3. d4 d6 4. Nf3 Bg4 5. exd6 cxd6 6. h3 Bd7 7. Bc4 Nb6 8. Bd3 g6 9. O-O Bg7 10. Re1 Nc6 11. c3 O-O 12. Bg5 Re8 13. Nbd2 Qc7 14. Ne4 f5 15. Ng3 e5 16. Bc2 e4 17. Nh2 h6 18. Bd2 Nc4 19. d5 N6e5 20. Bc1 Nf7 21. Nhf1 b5 22. Ne2 Rac8 23. Ne3 Nfe5 24. Rb1 Kh7 25. b3 Nb6 26. Bb2 Qd8 27. Bc1 Nd3 28. Bxd3 exd3 29. Nf4 Bxc3 30. Bd2 Bg7 31. Nxd3 Qh4 32. Qf3 Qd4 33. Nf1 Qxd5 34. Qg3 Re4 35. Rbd1 Rce8 36. Be3 Qf7 37. Qxd6 Bf8 38. Qg3 Nd5 39. Bd2 Bg7 40. Qf3 Bc6 41. Rxe4 Rxe4 42. Rc1 Ne7 43. Qg3 g5 44. Bc3 f4 45. Qg4 Bxc3 46. Rxc3 Qd5 47. Qf3 Qd6 48. Qg4 b4 49. Rc1 Qxd3 50. Qh5 Qd5 51. f3 Re2 0-1